Statistiques concernant Fleurs par images

Cliquez ici pour prendre le quiz!

Statistiques générales

  • Ce quiz a été pris 17 232 fois
    (14 675 depuis la dernière actualisation)
  • Le résultat moyen est 11 sur 16

Statistiques - réponses

Réponse% Correct
rose
100%
tournesol
97%
tulipe
93%
coquelicot
86%
pâquerette
84%
cerisier du Japon
80%
lavande
79%
pissenlit
77%
jonquille
74%
orchidée
74%
nénuphar
73%
pensée
67%
hortensia
47%
hibiscus
34%
dahlia
27%
souci
21%

Distribution des résultats

Percentile par nombre de réponses

% des personnes avec chaque résultat

Votre développement - résultats

Vous n’avez pas pris ce quiz depuis la dernière actualisation